Du lịch và du lịch sinh thái /

Tổng quan về ngành kinh tế du lịch của Việt Nam; Tài nguyên du lịch của Việt Nam; Các loại hình du lịch của Việt Nam; Loại hình du lịch sinh thái; Vấn đề phát triển nguồn nhân lực của du lịch; Tổ chức và quản lý kinh tế du lịch.

Đã lưu trong:
Sonraí Bibleagrafaíochta
Príomhúdar: Thế Đạt.
Formáid: Leabhar
Teanga:Vietnamese
Foilsithe: Hà Nội : Lao động, 2003.
Ábhair:
Clibeanna: Cuir Clib Leis
Gan Chlibeanna, Bí ar an gcéad duine leis an taifead seo a chlibeáil!
Thư viện lưu trữ: Mạng thư viện Đại học Đà Nẵng
LEADER 01426cam a2200373 a 4500
001 000043832
003 1917
005 20060505150234.0
008 010217b2003 vm 000 vie
020 |c 21000 
040 |a LRC  |c LRC  |d LRC 
041 0 |a vie 
082 1 4 |a 910.1330597  |b TH-Đ 
100 1 |a Thế Đạt. 
245 1 0 |a Du lịch và du lịch sinh thái /  |c Thế Đạt. 
260 |a Hà Nội :  |b Lao động,  |c 2003. 
300 |a 205 tr. ;  |c 19 cm. 
520 3 |a Tổng quan về ngành kinh tế du lịch của Việt Nam; Tài nguyên du lịch của Việt Nam; Các loại hình du lịch của Việt Nam; Loại hình du lịch sinh thái; Vấn đề phát triển nguồn nhân lực của du lịch; Tổ chức và quản lý kinh tế du lịch. 
630 0 4 |a Du lịch. 
630 0 4 |a Du lịch sinh thái. 
650 0 4 |a Du lịch  |x Kinh tế. 
650 0 4 |a Du lịch sinh thái. 
OWN |a DUT 
AVA |a UDN50  |b DUT  |c Book  |d 910.1330597 TH-Đ  |e available  |t Error 5001 Not defined in file expand_doc_bib_avail.  |f 1  |g 0  |h N  |i 0  |j SH  |k 1 
999 |a From the UDN01 
AVA |a UDN50  |b DUT  |c Book  |d 910.1330597 TH-Đ  |e available  |t Error 5001 Not defined in file expand_doc_bib_avail.  |f 1  |g 0  |h N  |i 0  |j SH  |k 1 
TYP |a Monograph 
TYP |a Printed language 
980 |a Mạng thư viện Đại học Đà Nẵng